| 000 | 01627 a2200229 4500 | ||
|---|---|---|---|
| 001 | 60330 | ||
| 005 | 20260407155853.0 | ||
| 008 | 260407a2010 arg spa d | ||
| 003 | AR-UNSa-BCEJYS | ||
| 040 |
_aAR-UNSa-BCEJYS _bspa _cAR-UNSa-BCEJYS |
||
| 080 |
_a330.14 _xCapital |
||
| 245 | 1 | 0 |
_aForma valor y forma comunidad _pAproximación teórico-abstracta a los fundamentos civilizatorios que preceden al Ayllu Universal |
| 020 | _a978-987-574-464-6 | ||
| 264 | 1 |
_aBuenos Aires : _bPrometeo Libros _c2010 |
|
| 300 |
_a365 p. _c21 cm. |
||
| 505 | _a1. La determinación social-natural de toda forma de producción. Valor de uso y su determinación social – 2. La construcción lógico- histórica de la racionalidad mercantil-capitalista. La forma civilizatoria del valor mercantil – 3. La producción del modo capitalista de producción. La forma social del trabajo que engendra la mercancía como forma general del producto de trabajo – 4. El núcleo fundante del desarrollo capitalista: subsunción formal y subsunción real de las fuerzas productivas objetivas, asociativas, subjetivas e intelectivas del ser humano bajo el capital – 5. Consideraciones sobre la nación a partir de la forma del valor – 6. La forma comunidad del proceso de producción. Formas comunales que han precedido al régimen del capital: algunas determinaciones de forma y contenido técnico- organizativo | ||
| 041 | _aspa | ||
| 942 | _cBK | ||
| 590 | _aniveau_biblio:m niveau_hierar:0 | ||
| 100 | 1 | _aGarcia Linera, Álvaro | |
| 856 | 4 | 1 |
_uhttps://www.biblioeco.unsa.edu.ar/pmb/images/libros/L129079.jpg _yImagen de portada _qimage/jpeg |
| 999 |
_c6901 _d6901 |
||